Music artists by songs - Statistics

General Stats
  • This quiz has been taken 165 times
    160 since last reset
  • The average score is 131 of 373
Answer Stats
Song Artist % Correct
Dancing Queen ABBA
93%
Bohemian Rhapsody Queen
93%
Billie Jean Michael Jackson
88%
Rocket Man Elton John
85%
Smells Like a Teen Spirit Nirvana
84%
Baby One More Time Britney Spears
83%
Material Girl Madonna
83%
Africa TOTO
83%
Highway To Hell AC/DC
82%
Hotel California Eagles
82%
In Da Club 50 Cent
81%
Livin' on a Prayer Bon Jovi
81%
Shape of You Ed Sheeran
81%
Wrecking Ball Miley Cyrus
81%
Umbrella Rihanna
81%
Let It Be The Beatles
81%
Stayin' Alive Bee Gees
80%
Careless Whisper George Michael
80%
Sweet Child O' Mine Guns N' Roses
80%
Bad Romance Lady Gaga
80%
All I Want For Christmas Is You Mariah Carey
80%
Wonderwall Oasis
80%
Piano Man Billy Joel
79%
Rolling in the Deep Adele
78%
Single Ladies Beyoncé
78%
Jailhouse Rock Elvis Presley
78%
Lose Yourself Eminem
78%
Purple Rain Prince
78%
My Heart Will Go On Céline Dion
77%
Never Gonna Give You Up Rick Astley
77%
Viva la Vida Coldplay
76%
Don't Stop Believin' Journey
76%
Every Breath You Take The Police
76%
Paint It Black The Rolling Stones
76%
I Will Always Love You Whitney Houston
75%
Let's Stay Together Al Green
74%
Losing my Religion R.E.M.
74%
Gold Digger Kanye West
73%
Californication Red Hot Chilli Peppers
72%
Blank Space Taylor Swift
72%
Wake Me Up Before You Go-Go Wham!
72%
Just Give Me a Reason P!nk
71%
Space Oddity David Bowie
70%
Together Again Janet Jackson
70%
Stairway to Heaven Led Zeppelin
70%
Waka Waka Shakira
70%
Creep Radiohead
69%
Boulevard of Broken Dreams Green Day
68%
SexyBack Justin Timberlake
68%
Zombie The Cranberries
68%
With Or Without You U2
68%
Nothing Else Matters Metallica
67%
Hey Ya! Outkast
67%
I Gotta Feeling The Black Eyed Peas
67%
YMCA Village People
67%
Dark Horse Katy Perry
65%
Seven Nation Army The White Stripes
65%
Dream On Aerosmith
64%
Still D.R.E. Dr. Dre
64%
Mr. Brightside The Killers
64%
Sweet Dreams (Are Made of This) Eurythmics
63%
Fly Me To The Moon Frank Sinatra
63%
Ni**as in Paris JAY-Z
63%
What a Wonderful World Louis Armstrong
63%
Sweet Home Alabama Lynyrd Skynyrd
63%
Sweet Caroline Neil Diamond
63%
In the Air Tonight Phil Collins
63%
Heart of Glass Blondie
62%
I Was Made For Lovin' You KISS
62%
Payphone Maroon 5
62%
You're The First, The Last, My Everything Barry White
61%
Summer Of '69 Bryan Adams
61%
Sultans of Swing Dire Straits
61%
The Final Countdown Europe
61%
Superstition Stevie Wonder
61%
Should I Stay or Should I Go The Clash
61%
Genie in a Bottle Christina Aguilera
60%
I Will Survive Gloria Gaynor
60%
Baby Justin Bieber
60%
Crazy Train Ozzy Osbourne
60%
I Want It That Way Backstreet Boys
59%
Iron Man Black Sabbath
59%
Like A Rolling Stone Bob Dylan
59%
Smoke On The Water Deep Purple
59%
September Earth, Wind & Fire
59%
The House of the Rising Sun The Animals
59%
Friday I'm In Love The Cure
59%
What's Love Got to Do with It Tina Turner
59%
Johnny B. Goode Chuck Berry
58%
Fortunate Son Creedence Clearwater Revival
57%
Get Lucky Daft Punk
57%
Let's Get It On Marvin Gaye
57%
Tears in Heaven Eric Clapton
55%
Anaconda Nicki Minaj
55%
Wish You Were Here Pink Floyd
55%
Wouldn't It Be Nice The Beach Boys
55%
Pour Some Sugar On Me Def Leppard
54%
Holy Diver Dio
54%
The Chain Fleetwood Mac
54%
The Sound of Silence Simon & Garfunkel
54%
Gin and Juice Snoop Dogg
54%
California Dreamin' The Mamas & The Papas
54%
All Along the Watchtower Jimi Hendrix
53%
I Walk The Line Johnny Cash
53%
Footloose Kenny Loggins
52%
Down Under Men At Work
52%
Oh, Pretty Woman Roy Orbison
52%
Yeah! Usher
52%
Rebel Yell Billy Idol
51%
More Than a Feeling Boston
51%
Super Freak Rick James
51%
Bitter Sweet Symphony The Verve
51%
Free Fallin' Tom Petty
51%
Feel Good Inc Gorillaz
50%
I Got You (I Feel Good) James Brown
50%
HUMBLE. Kendrick Lamar
50%
You're The One That I Want Olivia Newton-John
50%
Baba O'Riley The Who
50%
(Don't Fear) The Reaper Blue Öyster Cult
48%
Go Crazy Chris Brown
48%
Hot Stuff Donna Summer
48%
Ready or Not Fugees
48%
Fire and Rain James Taylor
48%
Numb Linkin Park
48%
Anarchy In The UK Sex Pistols
48%
Fast Car Tracy Chapman
48%
Believe Cher
47%
Everlong Foo Fighters
47%
Man! I Feel Like A Woman! Shania Twain
47%
Red Red Wine UB40
47%
Song 2 Blur
46%
Treasure Bruno Mars
46%
Mr. Blue Sky Electric Light Orchestra
46%
Carry on Wayward Son Kansas
46%
Straight Outta Compton N.W.A.
46%
Blitzkrieg Bop Ramones
46%
Angels Robbie Williams
46%
Da Ya Think I'm Sexy? Rod Stewart
46%
Black Magic Woman Santana
46%
Psycho Killer Talking Heads
46%
La Grange ZZ Top
46%
Wake Me Up Avicii
45%
Hit the Road Jack Ray Charles
45%
Born To Be Wild Steppenwolf
45%
Riders on the Storm The Doors
45%
Hot for Teacher Van Halen
44%
All Night Long Lionel Richie
43%
Tutti Frutti Little Richard
43%
Für Elise Ludwig van Beethoven
43%
Dear Mama 2pac
42%
Personal Jesus Depeche Mode
42%
Invisible Touch Genesis
42%
Even Flow Pearl Jam
42%
I Want You Back The Jackson 5
42%
Englishman In New York Sting
41%
You Really Got Me The Kinks
41%
Hypnotize The Notorious B.I.G.
41%
I Want To Know What Love Is Foreigner
40%
Ace of Spades Motörhead
40%
All the Small Things blink-182
39%
Sunshine of Your Love Cream
39%
My Girl The Temptations
39%
Redemption Song Bob Marley & The Wailers
38%
My Sweet Lord George Harrison
38%
Theme From Jurassic Park John Williams
38%
The Joker Steve Miller Band
38%
Do I Wanna Know? Arctic Monkeys
37%
Walk On The Wild Side Lou Reed
37%
Kickstart My Heart Mötley Crüe
37%
Rockin' in the Free World Neil Young
37%
We're Not Gonna Take It Twisted Sister
37%
Take Me Out Franz Ferdinand
36%
Because the Night Patti Smith
36%
Du Hast Rammstein
36%
Wind Of Change Scorpions
35%
Just What I Needed The Cars
35%
It's Too Late Carole King
34%
Me and Bobby McGee Janis Joplin
34%
Islands in the Stream Kenny Rogers
34%
FourFiveSeconds Paul McCartney
34%
The Thrill Is Gone B.B. King
33%
Ain't No Sunshine Bill Withers
33%
The Trooper Iron Maiden
33%
The Beautiful People Marilyn Manson
33%
Killing In The Name Rage Against The Machine
33%
It's Tricky Run-D.M.C.
33%
The Logical Song Supertramp
33%
Chop Suey! System Of A Down
33%
1979 The Smashing Pumpkins
33%
Poison Alice Cooper
32%
It Was a Good Day Ice Cube
32%
Toccata and Fugue in D minor Johann Sebastian Bach
31%
Paradise By the Dashboard Light Meat Loaf
31%
Sabotage Beastie Boys
30%
Freak on a Leash Korn
30%
Blue Monday New Order
30%
Lacrimosa Wolfgang Amadeus Mozart
29%
Kryptonite 3 Doors Down
28%
Redbone Childish Gambino
28%
Welcome to Jamrock Damian Marley
28%
La vie en rose Édith Piaf
28%
Breaking the Law Judas Priest
28%
Fly Away Lenny Kravitz
28%
Lollipop Lil Wayne
28%
Tom Sawyer Rush
28%
On the Road Again Willie Nelson
28%
That'll Be The Day Buddy Holly
27%
Aqualung Jethro Tull
27%
Say It Ain't So Weezer
27%
This Charming Man The Smiths
26%
Woman in Love Barbra Streisand
25%
If You Leave Me Now Chicago
25%
N.Y. State of Mind Nas
25%
Ride of the Valkyries Richard Wagner
25%
Santeria Sublime
25%
Down with the Sickness Disturbed
24%
Love Will Tear Us Apart Joy Division
24%
Where Is My Mind? Pixies
24%
Cum On Feel the Noize Quiet Riot
24%
Reelin' In The Years Steely Dan
24%
(They Long To Be) Close To You The Carpenters
24%
Rapper's Delight The Sugarhill Gang
24%
Cherry Pie Warrant
24%
Rollin' Limp Bizkit
23%
Kids MGMT
23%
Fight the Power Public Enemy
23%
Interstate Love Song Stone Temple Pilots
23%
Roundabout Yes
23%
Mandy Barry Manilow
22%
No Rain Blind Melon
22%
Daddy Cool Boney M.
22%
Father & Son Cat Stevens / Yusuf
22%
Love Hurts Nazareth
22%
Nights In White Satin The Moody Blues
22%
Mama Said Knock You Out LL Cool J
21%
Last Nite The Strokes
21%
Ramblin' Man Allman Brothers Band
20%
Conga Gloria Estefan
20%
The Passenger Iggy Pop
20%
Get Down On It Kool & The Gang
20%
Symphony of Destruction Megadeth
20%
Swan Lake Pyotr Ilyich Tchaikovsky
20%
C.R.E.A.M. Wu-Tang Clan
20%
Le quattro stagioni Antonio Vivaldi
19%
X Gon' Give It To Ya DMX
19%
Psychosocial Slipknot
19%
Ruby Kaiser Chiefs
18%
Jane Says Jane's Addiction
16%
Closer Nine Inch Nails
16%
Since You Been Gone Rainbow
16%
In Too Deep Sum 41
16%
Long Cool Woman (In a Black Dress) The Hollies
16%
Regulate Warren G
16%
Glycerine Bush
15%
Clair de Lune Claude Debussy
15%
Only Time Enya
15%
Friend of the Devil Grateful Dead
15%
Me Gustas Tu Manu Chao
15%
Hysteria Muse
15%
The Less I Know the Better Tame Impala
15%
You're Gonna Go Far, Kid The Offspring
15%
Pale Blue Eyes The Velvet Underground
15%
Like a Stone Audioslave
14%
My Band D12
13%
I'm Shipping Up to Boston Dropkick Murphys
13%
Fantaisie-Impromptu Frédéric Chopin
13%
Virtual Insanity Jamiroquai
13%
Blue Bayou Linda Ronstadt
13%
Walk Pantera
13%
Can I Kick It? A Tribe Called Quest
12%
21st Century Schizoid Man King Crimson
12%
Raining Blood Slayer
12%
Lonely Boy The Black Keys
12%
Schism TOOL
12%
Through the Fire and Flames DragonForce
11%
Epic Faith No More
11%
Right Here, Right Now Fatboy Slim
11%
Bobby Brown Goes Down Frank Zappa
11%
Drive Incubus
11%
Somebody to Love Jefferson Airplane
11%
Me olvidé de vivir Julio Iglesias
11%
Shook Ones, Pt. II Mobb Deep
11%
Pride and Joy Stevie Ray Vaughan
11%
Bodies Drowning Pool
10%
Real Muthaphukkin G's Eazy-E
10%
D.A.N.C.E. Justice
10%
Hail to the King Avenged Sevenfold
9%
Skinny Love Bon Iver
9%
Easy Commodores
9%
You Make My Dreams (Come True) Daryl Hall & John Oates
9%
Time (Inception) Hans Zimmer
9%
Mannish Boy Muddy Waters
9%
Breezeblocks alt-J
8%
Break Ya Neck Busta Rhymes
8%
Dream A Little Dream Of Me Ella Fitzgerald
8%
Chamber Of Reflection Mac DeMarco
8%
Doomsday MF DOOM
8%
Killing Me Softly With His Song Ms. Lauryn Hill
8%
Teen Age Riot Sonic Youth
8%
Hey Boy Hey Girl The Chemical Brothers
8%
Madhouse Anthrax
7%
Still Not a Player Big Pun
7%
Red Flag Billy Talent
7%
The Distance CAKE
7%
Atrévete-Te-Te Calle 13
7%
Inside The Brain Cypress Hill
7%
Liebesträume Franz Liszt
7%
Square Hammer Ghost
7%
Into My Arms Nick Cave & The Bad Seeds
7%
Breathe The Prodigy
7%
You Know My Name Chris Cornell
6%
I Will Follow You into the Dark Death Cab for Cutie
6%
Ave Maria Franz Schubert
6%
L'Amour Toujours Gigi D'Agostino
6%
Ahora Te Puedes Marchar Luis Miguel
6%
Fiesta Pagana Mägo de Oz
6%
Teardrop Massive Attack
6%
Blue in Green Miles Davis
6%
Legalize It Peter Tosh
6%
The Funeral Band of Horses
5%
Space Song Beach House
5%
Blue Moon Billie Holiday
5%
Jerry Was a Race Car Driver Primus
5%
De Música Ligera Soda Stereo
5%
Pull Me Under Dream Theater
4%
I Don't Need Your Rockin' Chair Garth Brooks
4%
Fire Kasabian
4%
Last Caress Misfits
4%
Gimme Tha Power Molotov
4%
Fancy Reba McEntire
4%
Savior Rise Against
4%
Figure It Out Royal Blood
4%
Roots Bloody Roots Sepultura
4%
Metalingus Alter Bridge
3%
From the Beginning Emerson, Lake & Palmer
3%
Check Yes Or No George Strait
3%
Flying Whales Gojira
3%
I Want Out Helloween
3%
In A Sentimental Mood John Coltrane
3%
Nuvole Bianche Ludovico Einaudi
3%
Da Rockwilder Method Man
3%
Mathematics Mos Def
3%
Linoleum NOFX
3%
Windowpane Opeth
3%
Slither Velvet Revolver
3%
Song of the South Alabama
2%
American Jesus Bad Religion
2%
Put It On Big L
2%
Nothing's Gonna Hurt You Baby Cigarettes After Sex
2%
Change Deftones
2%
I Ain't No Joke Eric B. & Rakim
2%
Undead Hollywood Undead
2%
6 'N the Mornin' Ice-T
2%
Je te promets Johnny Hallyday
2%
Heartbeats José González
2%
My Curse Killswitch Engage
2%
Laid to Rest Lamb of God
2%
What It Is Mark Knofler
2%
Alien Boy Oliver Tree
2%
Denial Sevendust
2%
Monster Skillet
2%
Anastasia Slash
2%
Jungle Tash Sultana
2%
Long Train Runnin' The Dobbie Brothers
2%
Still Counting Volbeat
2%
X Xzibit
2%
Jerusalem Alpha Blondy
1%
Es Épico Canserbero
1%
Banana Brain Die Antwoord
1%
Whore In This Moment
1%
The Heart from Your Hate Trivium
1%
Gangsta Nation Westside Connection
1%
How Could an Angel Break My Heart Kenny G
0%
No matching quizzes found
Score Distribution
Percent of People with Each Score
Percentile by Number Answered
Your Score History
You have not taken this quiz since the last reset